Estadísticas para Países con los mejores ajedrecistas

Haz click aquí para tomar la prueba!

Estadísticas generales

  • Esta prueba ha sido tomada 2.338 veces
    (961 desde el último reinicio)
  • La puntuación promedio es 9 de 13

Estadísticas de respuestas

#País% Correcto
12Estados Unidos
98%
12Rusia
96%
9China
95%
4Francia
91%
4España
88%
10India
83%
3Reino Unido
82%
5Ucrania
63%
4Polonia
57%
3Rumania
38%
4Azerbaiyán
28%
4Armenia
27%
4Uzbekistán
21%

Distribución de puntuación

Porcentaje por número respondido

Porcentaje de gente con cada puntuación

Historial de tus puntuaciones

No has tomado esta prueba desde el último reinicio